Statistics for Songs from Grace - Jeff Buckley

Click here to take the quiz!

General Stats

  • This quiz has been taken 219 times
  • The average score is 9 of 11

Answer Stats

#Answer% Correct
2Grace
96%
7Lover, You Should’ve Come Over
92%
6Hallelujah
90%
1Mojo Pin
85%
4Lilac Wine
84%
(11)Forget Her
83%
5So Real
83%
3Last Goodbye
81%
10Dream Brother
79%
9Eternal Life
73%
8Corpus Christi Carol
68%

Score Distribution

Percentile by Number Answered

Percent of People with Each Score

Your Score History

You have not taken this quiz